000 02308nam0a2200349 4500
001 RU\NLR\BIBL_A\011577312
005 20241102122214.0
010 _a9785906996015
_9500
021 _aRU
_b2017-95080
_96824
035 _a(RuMoRGB)009481257
035 _a(NLR Aleph) 011577312
090 _a10829551
_c10829551
100 _a20180110d2017 k y0rusy50 ca
101 0 _arus
102 _aRU
105 _ay z 100zy
200 1 _aНормы международного права как источник российского законодательства
_eсборник статей по итогам Международной научно-практической конференции, 29 августа 2017 г., [Оренбург]
_fАгентство международных исследований
_g[ответственный редактор: Сукиасян Асатур Альбертович, кандидат экономических наук]
210 _aСтерлитамак
_cАгентство международных исследований
_d2017
215 _a32 с.
_d21
320 _aБиблиогр. в конце ст. и в подстроч. примеч.
606 1 _aМеждународное право
_jСъезды, совещания и т.п
_xНормы
_xПрименение
_yРоссийская Федерация
_92071072
_3RU\NLR\AUTH\661245816
606 1 _aПраво
_jСъезды, совещания и т.п
_xИсточники
_yРоссийская Федерация
_92183723
_3RU\NLR\AUTH\661313020
686 _aХ62я431(0)
_2rubbk
686 1 _aХ62я431
702 1 _aСукиасян
_bА. А.
_gАсатур Альбертович
_4340
711 1 2 _a"Нормы международного права как источник российского законодательства", международная научно-практическая конференция
_eОренбург
_f2017
_9585332
_3RU\NLR\AUTH\880461348
712 0 2 _4475
_aАгентство международных исследований
_cСтерлитамак
_9430803
_3RU\NLR\AUTH\880382271
942 _cBOOK
980 _aNBR